header

Deathscapes (Record no. 143724)

MARC details
000 -LEADER
fixed length control field 01255nam a2200325Ia 4500
082 04 - DEWEY DECIMAL CLASSIFICATION NUMBER
Classification number 306.9
245 00 - TITLE STATEMENT
Title Deathscapes
260 ## - PUBLICATION, DISTRIBUTION, ETC. (IMPRINT)
Place of publication Farnham, Surrey, UK ;
-- Burlington, VT :
Name of publisher Ashgate,
Year of publication c2010.
300 ## - PHYSICAL DESCRIPTION
Number of Pages xvi, 305 p. :
Other physical details ill.
650 #0 - SUBJECT ADDED ENTRY--TOPICAL TERM
Topical Term Death.
Topical Term Bereavement.
700 1# - ADDED ENTRY--PERSONAL NAME
Personal name Maddrell, Avril,
Personal name Sidaway, James D.
856 40 - ELECTRONIC LOCATION AND ACCESS
Uniform Resource Identifier http://site.ebrary.com/lib/rucke/Doc?id=10428210

No items available.

© 2026 Rongo University
Contact us: librarian | system librarian | Rongo university